000 00318nam a2200133Ia 4500
008 240624s9999 xx 000 0 und d
041 _aeng
082 _a823 FOR
100 _aFORRESTER HELEN
245 _aTHREE WOMEN OF LIVERPOOL
260 _c2005
_aGreat Britain
_bGrafton
300 _a486p. ; 18cm.
365 _cBPS
999 _c3991
_d3991